F1 2025 Drivers by Picture - Statistics

General Stats
  • This quiz has been taken 313 times
  • The average score is 16 of 20
Answer Stats
Picture Answer % Correct
Lewis Hamilton
98%
Lando Norris
95%
Charles Leclerc
92%
Fernando Alonso
87%
Oscar Piastri
86%
Max Verstappen
85%
Yuki Tsunoda
83%
Carlos Sainz
82%
George Russell
80%
Nico Hulkenberg
80%
Pierre Gasly
79%
Kimi Antonelli
77%
Lance Stroll
77%
Oliver Bearman
75%
Esteban Ocon
72%
Liam Lawson
69%
Alexander Albon
66%
Isack Hadjar
66%
Franco Colapinto
62%
Gabriel Bortoleto
55%
No matching quizzes found
Score Distribution
Percent of People with Each Score
Percentile by Number Answered
Your Score History
You have not taken this quiz